000 00494nam a2200181Ia 4500
005 20250508160724.0
008 008 250505s9999 xx 000 0 hin d
037 _aBooks to be hide in OPAC
040 _aFEDL
_beng
_cFEDL
041 _ahin
_2eng
084 _a491.434, SHU
_qFEDL
100 _aShukla
245 0 _aPratinidhi nibandh
260 _aDelhi, India
_bRadha Krishan Prakashan
_c1971
300 _a195p.
942 _cHB
_h491.434, SHU
999 _c1366235
_d1366235